000 00504nam a2200181Ia 4500
005 20250508152407.0
008 008 250505s9999 xx 000 0 hin d
037 _aTextual
040 _aFEDL
_beng
_cFEDL
041 _ahin
_2eng
084 _a891.43, JAN
_qFEDL
100 _aBahtnagar Ram Ratna
_9761365
245 0 _aJanendra sahitya aur smiksha
260 _aDelhi, India
_bSahitya Prakashan
_c1958
300 _a268p.
942 _cTEXL
_h891.43, JAN
999 _c1336147
_d1336147